| 000 | 00935cam a22002651 4500 | ||
|---|---|---|---|
| 001 | 2642711 | ||
| 005 | 19920911073033.1 | ||
| 008 | 740801s1966 nyu | 00| 0 eng d | ||
| 010 | _a 66028867 | ||
| 040 |
_aDLC _cDLC _dDLC |
||
| 041 | 1 | _aengfre | |
| 043 | _ae------ | ||
| 050 | 0 | 0 |
_aUA646.3 _b.B383 1966 |
| 082 | 0 | 0 |
_a355.031091821 _222 _bBEA |
| 100 | 1 |
_aBeaufre, Andre. _910307 |
|
| 240 | 1 | 0 |
_aO.T.A.N. et l'Europe. _lEnglish |
| 245 | 1 | 0 |
_aNATO and Europe/ _cAndre Beaufre; Translated from the French by Joseph Green. |
| 260 |
_aNew York: _bKnopf, _c1966. |
||
| 300 |
_axi, 170 p.; _c22 cm. |
||
| 500 | _aDonated by: Alaa Abdel Ghany | ||
| 610 | 2 | 0 |
_aNorth Atlantic Treaty Organization. _910308 |
| 651 | 0 |
_aEurope _xPolitics and government _y1945-1989. _910309 |
|
| 942 |
_2ddc _cBB |
||
| 999 |
_c13122 _d13122 |
||